| 000 | 00368nam a2200157Ia 4500 | ||
|---|---|---|---|
| 008 | 230917s9999||||xx |||||||||||||| ||und|| | ||
| 040 |
_e94975 _aMAIN |
||
| 041 | _aEnglish | ||
| 082 | _a514 M925T | ||
| 100 | _aMunkres, James R | ||
| 245 | 0 | _aTopology | |
| 250 | _a2nd ed. | ||
| 260 |
_aNew Delhi _bPearson Education _c2001 |
||
| 300 | _axvi, 537 p. | ||
| 942 | _cBK | ||
| 999 |
_c112721 _d112721 |
||